[Event "Oberliga Ost-B 1516"]
[Site "Germany"]
[Date "2015.10.10"]
[Round "2.4"]
[White "Klingelhoefer, Stefan"]
[Black "Baum, Bernd"]
[Result "1/2-1/2"]
[WhiteElo "2230"]
[BlackElo "2233"]
[PlyCount "41"]
[EventDate "2015.09.20"]
[EventType "team-tourn"]
[EventRounds "11"]
[EventCountry "GER"]
[SourceTitle "EXT 2017"]
[Source "ChessBase"]
[SourceDate "2016.10.25"]
[SourceVersion "1"]
[SourceVersionDate "2016.10.25"]
[SourceQuality "1"]
[WhiteTeam "Giessen"]
[BlackTeam "Erfurt Empor"]
[WhiteTeamCountry "GER"]
[BlackTeamCountry "GER"]

1. d4 d5 2. Nf3 Nf6 3. c4 c6 4. e3 e6 5. Bd3 Nbd7 6. 0-0 Bd6 7. Nc3 dxc4 8. Bxc4 0-0 9. e4 e5 10. d5 Nb6 11. Bb3 Bg4 12. h3 Bh5 13. g4 Bg6 14. Bg5 h6 15. Bh4 Bh7 16. dxc6 bxc6 17. Qe2 g5 18. Bg3 Qe7 19. Rac1 Nbd7 20. Rfd1 Rab8 21. Qc4 1/2-1/2

[Event "Oberliga Ost-B 1415"]
[Site "Germany"]
[Date "2014.11.09"]
[Round "4.3"]
[White "Klingelhoefer, Stefan"]
[Black "Mysliwiec, Joerg"]
[Result "0-1"]
[WhiteElo "2244"]
[BlackElo "2107"]
[PlyCount "54"]
[EventDate "2014.09.21"]
[EventType "team-tourn"]
[EventRounds "11"]
[EventCountry "GER"]
[SourceTitle "EXT 2016"]
[Source "ChessBase"]
[SourceDate "2015.10.08"]
[SourceVersion "1"]
[SourceVersionDate "2015.10.08"]
[SourceQuality "1"]
[WhiteTeam "Giessen"]
[BlackTeam "Weimar Vimaria"]
[WhiteTeamCountry "GER"]
[BlackTeamCountry "GER"]

1. d4 Nf6 2. Nf3 e6 3. Bg5 c5 4. c3 b6 5. Nbd2 Bb7 6. e3 Be7 7. Bd3 d6 8. 0-0 Nbd7 9. Qe2 h6 10. Bh4 Nh5 11. Bxe7 Qxe7 12. Ba6 Bxa6 13. Qxa6 0-0 14. a4 e5 15. dxe5 dxe5 16. Nc4 e4 17. Nfd2 Qe6 18. Na3 Nhf6 19. Ndc4 Ng4 20. Rad1 Nge5 21. Rd6 Qg4 22. Qb7 Nf3+ 23. Kh1 Nh4 24. Rg1 Nf6 25. Ne5 Qf5 26. f4 exf3 27. g3 Ne4 0-1

[Event "Oberliga Ost-B 1314"]
[Site "Germany"]
[Date "2013.12.15"]
[Round "5.5"]
[White "Benninger, Rudolf"]
[Black "Klingelhoefer, Stefan"]
[Result "0-1"]
[WhiteElo "2098"]
[BlackElo "2249"]
[PlyCount "82"]
[EventDate "2013.10.13"]
[EventType "team-tourn"]
[EventRounds "11"]
[EventCountry "GER"]
[SourceTitle "EXT 2015"]
[Source "ChessBase"]
[SourceDate "2014.11.20"]
[SourceVersion "1"]
[SourceVersionDate "2014.11.20"]
[SourceQuality "1"]
[WhiteTeam "Heusenstamm"]
[BlackTeam "Giessen"]
[WhiteTeamCountry "GER"]
[BlackTeamCountry "GER"]

1. e4 e6 2. d4 d5 3. e5 c5 4. c3 Qb6 5. Nf3 Bd7 6. a3 cxd4 7. cxd4 Bb5 8. Bxb5+ Qxb5 9. Nc3 Qa6 10. Ne2 Ne7 11. 0-0 Nd7 12. Ng3 h6 13. Be3 Nb6 14. Rc1 Nc6 15. Nh5 Qb5 16. Rc2 a5 17. Ne1 Nc4 18. Nd3 0-0-0 19. Qe2 a4 20. Rfc1 Kb8 21. Rc3 N6a5 22. R1c2 Rc8 23. h3 Nb3 24. Ng3 Be7 25. Nf1 Rc7 26. Nd2 Nbxd2 27. Bxd2 Rhc8 28. Be3 Na5 29. Rxc7 Rxc7 30. Rxc7 Kxc7 31. Qc2+ Qc4 32. Qxc4+ dxc4 33. Nc1 c3 34. bxc3 Bxa3 35. Na2 Kc6 36. Kf1 Kd5 37. Ke2 Kc4 38. f4 Kb3 39. Nc1+ Bxc1 40. Bxc1 Kc2 41. Ba3 Nc4 0-1

[Event "Oberliga Ost-B 1213"]
[Site "Germany"]
[Date "2012.09.30"]
[Round "1.3"]
[White "Margolin, Boris"]
[Black "Klingelhoefer, Stefan"]
[Result "1/2-1/2"]
[WhiteElo "2417"]
[BlackElo "2242"]
[PlyCount "61"]
[EventDate "2012.09.30"]
[EventType "team-tourn"]
[EventRounds "11"]
[EventCountry "GER"]
[SourceTitle "EXT 2014"]
[Source "ChessBase"]
[SourceDate "2013.11.20"]
[SourceVersion "1"]
[SourceVersionDate "2013.11.20"]
[SourceQuality "1"]
[WhiteTeam "Oberursel"]
[BlackTeam "Giessen"]
[WhiteTeamCountry "GER"]
[BlackTeamCountry "GER"]

1. e4 e6 2. d4 d5 3. Nc3 Bb4 4. Bd3 dxe4 5. Bxe4 Nf6 6. Bf3 Nc6 7. a3 Bxc3+ 8. bxc3 Nd5 9. Ne2 Na5 10. Qd3 b6 11. Nf4 Nxf4 12. Bxf4 Bb7 13. Bxb7 Nxb7 14. 0-0 0-0 15. Rfe1 Qd7 16. Re3 Nd6 17. Rh3 g6 18. Bh6 Rfe8 19. Bf4 f6 20. Re1 Re7 21. c4 Rae8 22. Rhe3 Nf5 23. Re4 Nd6 24. R4e2 Nf5 25. Re4 Nd6 26. Bxd6 cxd6 27. f4 d5 28. R4e3 Rc8 29. cxd5 Qxd5 30. c3 Rc6 31. Qd2 1/2-1/2

[Event "Oberliga Ost-B 1112"]
[Site "Germany"]
[Date "2011.10.23"]
[Round "3.4"]
[White "Klingelhoefer, Stefan"]
[Black "Heppner, Ernst"]
[Result "1-0"]
[WhiteElo "2230"]
[BlackElo "2170"]
[PlyCount "77"]
[EventDate "2011.10.02"]
[EventType "team-tourn"]
[EventRounds "11"]
[EventCountry "GER"]
[SourceTitle "EXT 2013"]
[Source "ChessBase"]
[SourceDate "2012.11.22"]
[SourceVersion "1"]
[SourceVersionDate "2012.11.22"]
[SourceQuality "1"]
[WhiteTeam "Giessen"]
[BlackTeam "Offenbach"]
[WhiteTeamCountry "GER"]
[BlackTeamCountry "GER"]

1. d4 e6 2. Nf3 f5 3. g3 Nf6 4. Bg2 Be7 5. b3 0-0 6. 0-0 d6 7. Nbd2 Ne4 8. Bb2 Nxd2 9. Nxd2 Bf6 10. e4 Nc6 11. exf5 Nxd4 12. fxe6 Nxe6 13. Bxf6 Qxf6 14. Ne4 Qf5 15. Qd2 d5 16. Nc3 c6 17. Rae1 Kh8 18. f4 Bd7 19. Re5 Qf7 20. f5 Nc7 21. Qf4 Rae8 22. g4 Qf6 23. Rxe8 Nxe8 24. Ne2 Qd6 25. Qd4 b6 26. c4 Qe7 27. Nc3 dxc4 28. bxc4 Nc7 29. Ne4 c5 30. Qc3 Ne8 31. Re1 Bc6 32. Ng3 Qc7 33. Bxc6 Qxc6 34. Nh5 Qh6 35. h4 Nf6 36. Re6 Re8 37. Nxf6 Rxe6 38. fxe6 gxf6 39. g5 1-0

[Event "Oberliga Ost-B 0910"]
[Site "Germany"]
[Date "2010.04.11"]
[Round "11.3"]
[White "Sieber, Stephan"]
[Black "Klingelhoefer, Stefan"]
[Result "1-0"]
[WhiteElo "2242"]
[BlackElo "2227"]
[PlyCount "59"]
[EventDate "2009.10.18"]
[EventType "team-tourn"]
[EventRounds "11"]
[EventCountry "GER"]
[SourceTitle "EXT 2011"]
[Source "ChessBase"]
[SourceDate "2010.11.26"]
[SourceVersion "1"]
[SourceVersionDate "2010.11.26"]
[SourceQuality "1"]
[WhiteTeam "Erfurt Empor"]
[BlackTeam "Giessen"]
[WhiteTeamCountry "GER"]
[BlackTeamCountry "GER"]

1. e4 e6 2. d4 d5 3. Nc3 Bb4 4. e5 b6 5. f4 Qd7 6. Bd2 Ba6 7. Bxa6 Nxa6 8. Qe2 Nb8 9. a3 Bf8 10. Nf3 Ne7 11. 0-0 Nbc6 12. Qd3 Nf5 13. Ne2 h5 14. Be1 f6 15. Nh4 Nce7 16. Rc1 0-0-0 17. Nxf5 Nxf5 18. Bf2 Kb7 19. c4 c6 20. b4 Be7 21. c5 Ra8 22. a4 Rhe8 23. Rc2 a6 24. b5 axb5 25. axb5 cxb5 26. Rb1 b4 27. Rxb4 Ra6 28. Qxa6+ Kxa6 29. Rxb6+ Ka5 30. Be1+ 1-0

[Event "Oberliga Ost-B 0910"]
[Site "Germany"]
[Date "2010.04.10"]
[Round "10.3"]
[White "Klingelhoefer, Stefan"]
[Black "Wehner, Janis"]
[Result "1-0"]
[WhiteElo "2227"]
[BlackElo "2184"]
[PlyCount "119"]
[EventDate "2009.10.18"]
[EventType "team-tourn"]
[EventRounds "11"]
[EventCountry "GER"]
[SourceTitle "EXT 2011"]
[Source "ChessBase"]
[SourceDate "2010.11.26"]
[SourceVersion "1"]
[SourceVersionDate "2010.11.26"]
[SourceQuality "1"]
[WhiteTeam "Giessen"]
[BlackTeam "Erfurt Medizin"]
[WhiteTeamCountry "GER"]
[BlackTeamCountry "GER"]

1. d4 Nf6 2. Nf3 e6 3. c4 Bb4+ 4. Nbd2 b6 5. a3 Bxd2+ 6. Qxd2 Bb7 7. b3 d6 8. Bb2 Nbd7 9. e3 0-0 10. Be2 Ne4 11. Qc2 f5 12. Rd1 Qe7 13. 0-0 Rf6 14. d5 e5 15. Nd2 Rh6 16. g3 Nxd2 17. Rxd2 Rf8 18. f4 exf4 19. exf4 Qe3+ 20. Kg2 Nc5 21. b4 Qe4+ 22. Bf3 Qxc2 23. Rxc2 Na4 24. Re1 Nxb2 25. Rxb2 Rhf6 26. c5 dxc5 27. bxc5 Rd8 28. Re5 g6 29. Kf2 Ba6 30. Rb4 bxc5 31. Ra4 Rb6 32. Re7 Rb2+ 33. Ke1 Kf8 34. Re5 Rb1+ 35. Kd2 Rb6 36. Kc3 c4 37. Bd1 Bb7 38. Rxa7 Bxd5 39. Rxc7 Be6 40. Bc2 Kg8 41. a4 Bf7 42. a5 Ra6 43. Bb1 Rda8 44. Rcc5 Rd6 45. Bc2 Rb8 46. Rb5 Ra8 47. Rb6 Rd7 48. a6 Raa7 49. Reb5 Be8 50. Rb8 Kf7 51. R5b6 Ke7 52. Ba4 Rd3+ 53. Kxc4 Rd8 54. Bxe8 Kxe8 55. Rxd8+ Kxd8 56. Kd5 Kc8 57. Ke6 Rc7 58. Kf6 Ra7 59. Re6 Kd8 60. Rb6 1-0

[Event "Oberliga Ost-B 0809"]
[Site "Germany"]
[Date "2009.03.15"]
[Round "9.4"]
[White "Roosen, Holger"]
[Black "Klingelhoefer, Stefan"]
[Result "0-1"]
[WhiteElo "2212"]
[BlackElo "2196"]
[PlyCount "66"]
[EventDate "2008.10.26"]
[EventType "team-tourn"]
[EventRounds "11"]
[EventCountry "GER"]
[SourceTitle "EXT 2010"]
[Source "ChessBase"]
[SourceDate "2010.11.25"]
[SourceVersion "1"]
[SourceVersionDate "2010.11.25"]
[SourceQuality "1"]
[WhiteTeam "Offenbach"]
[BlackTeam "Giessen"]
[WhiteTeamCountry "GER"]
[BlackTeamCountry "GER"]

1. c4 e6 2. g3 d5 3. d4 c6 4. Bg2 dxc4 5. Nf3 b5 6. 0-0 Bb7 7. a4 a6 8. Na3 Nd7 9. e4 Ngf6 10. Re1 Be7 11. Bf4 0-0 12. Qc2 Re8 13. h4 Qb6 14. a5 Qd8 15. Bh3 c5 16. d5 exd5 17. e5 Ne4 18. Rxe4 dxe4 19. Rd1 Bc6 20. e6 exf3 21. exd7 Rf8 22. Bf5 g6 23. Be4 Bxe4 24. Qxe4 Ra7 25. Qc6 Qa8 26. Qb6 Rb7 27. Qc6 Qa7 28. Nxb5 axb5 29. a6 Rb6 30. Qe4 Re6 31. Qb7 Qxa6 32. Qxf3 Qc6 33. Qc3 Rd8 0-1

[Event "Oberliga Ost-B 0809"]
[Site "Germany"]
[Date "2008.10.26"]
[Round "1.4"]
[White "Klingelhoefer, Stefan"]
[Black "Bulski, Krzysztof"]
[Result "0-1"]
[WhiteElo "2196"]
[BlackElo "2392"]
[PlyCount "76"]
[EventDate "2008.10.26"]
[EventType "team-tourn"]
[EventRounds "11"]
[EventCountry "GER"]
[SourceTitle "EXT 2010"]
[Source "ChessBase"]
[SourceDate "2010.11.25"]
[SourceVersion "1"]
[SourceVersionDate "2010.11.25"]
[SourceQuality "1"]
[WhiteTeam "Giessen"]
[BlackTeam "Griesheim"]
[WhiteTeamCountry "GER"]
[BlackTeamCountry "GER"]

1. Nf3 Nf6 2. d4 e6 3. Bg5 Be7 4. Nbd2 d5 5. e3 0-0 6. Bd3 b6 7. Ne5 Bb7 8. Qf3 Nbd7 9. Bxf6 Bxf6 10. Qh3 g6 11. f4 c5 12. c3 Bh4+ 13. Ke2 Nxe5 14. fxe5 f5 15. b4 Bc6 16. Nf3 Be7 17. b5 Bd7 18. a4 Rf7 19. g4 Rc8 20. gxf5 exf5 21. Qg3 cxd4 22. Nxd4 Rg7 23. Rhc1 Bc5 24. Qf3 Kh8 25. Qxd5 Qh4 26. Qg2 Re8 27. Nf3 Qh6 28. Kd2 Bxe3+ 29. Kc2 Bxc1 30. Rxc1 Qf4 31. Nd4 Qxe5 32. h4 Be6 33. h5 Qd5 34. Qg5 Qa2+ 35. Kd1 Qf2 36. Be2 Bb3+ 37. Kd2 Rxe2+ 38. Nxe2 Rd7# 0-1

[Event "Hessenliga 0708"]
[Site "Germany"]
[Date "2008.02.10"]
[Round "6.7"]
[White "Foermes, Alexander"]
[Black "Klingelhoefer, Stefan"]
[Result "1-0"]
[WhiteElo "2069"]
[BlackElo "2248"]
[PlyCount "119"]
[EventDate "2007.09.30"]
[EventType "team"]
[EventRounds "9"]
[EventCountry "GER"]
[SourceTitle "EXT 2009"]
[Source "ChessBase"]
[SourceDate "2008.11.26"]
[SourceVersion "1"]
[SourceVersionDate "2008.11.26"]
[SourceQuality "1"]
[WhiteTeam "Marburg"]
[BlackTeam "Giessen"]
[WhiteTeamCountry "GER"]
[BlackTeamCountry "GER"]

1. Nf3 Nf6 2. c4 e6 3. Nc3 Bb4 4. Qc2 0-0 5. a3 Bxc3 6. Qxc3 b6 7. g3 Bb7 8. Bg2 d6 9. 0-0 c5 10. d3 Nbd7 11. b4 Qc7 12. Bb2 Rac8 13. Rac1 Qb8 14. Rfd1 Qa8 15. d4 cxb4 16. Qxb4 Ne4 17. a4 d5 18. cxd5 Bxd5 19. Ne1 Rxc1 20. Rxc1 Rc8 21. Rxc8+ Qxc8 22. f3 Nef6 23. e4 Bc4 24. a5 h6 25. axb6 axb6 26. Nc2 Qa6 27. Ne3 Bd3 28. Qc3 Qa2 29. Kf2 b5 30. Qa3 Qb1 31. Qa1 Qxa1 32. Bxa1 Kf8 33. Ke1 b4 34. Kd2 Bb5 35. f4 Nb6 36. d5 exd5 37. Bxf6 gxf6 38. exd5 Ke7 39. Nf5+ Kd7 40. Nxh6 Bc4 41. Ng4 b3 42. Ne3 Kd6 43. Kc3 Kc5 44. Nxc4 Nxc4 45. Kxb3 Ne3 46. h4 Nxg2 47. h5 Kxd5 48. h6 Ke4 49. h7 Kf3 50. h8Q Kxg3 51. f5 Ne3 52. Qxf6 Kf4 53. Qh6+ Ke4 54. f6 Ng4 55. Qg5 Ne5 56. Kb4 Kd5 57. Qf5 Kd6 58. Kb5 Kd5 59. Kb6 Kd6 60. Kb7 1-0

[Event "Hessenliga 0708"]
[Site "Germany"]
[Date "2008.01.20"]
[Round "5.6"]
[White "Falk, Thomas"]
[Black "Klingelhoefer, Stefan"]
[Result "1/2-1/2"]
[WhiteElo "2124"]
[BlackElo "2248"]
[PlyCount "53"]
[EventDate "2007.09.30"]
[EventType "team"]
[EventRounds "9"]
[EventCountry "GER"]
[SourceTitle "EXT 2009"]
[Source "ChessBase"]
[SourceDate "2008.11.26"]
[SourceVersion "1"]
[SourceVersionDate "2008.11.26"]
[SourceQuality "1"]
[WhiteTeam "Oberursel II"]
[BlackTeam "Giessen"]
[WhiteTeamCountry "GER"]
[BlackTeamCountry "GER"]

1. Nf3 Nf6 2. c4 e6 3. g3 d5 4. d4 c6 5. Bg2 Nbd7 6. Nbd2 Be7 7. 0-0 0-0 8. Qc2 b6 9. b3 Bb7 10. Bb2 Qb8 11. e4 Rc8 12. Rfe1 h6 13. Rad1 Bf8 14. Qb1 Rc7 15. Ne5 Qd8 16. Nf1 Nxe4 17. Bxe4 dxe4 18. Qxe4 Nxe5 19. Qxe5 Rd7 20. Ne3 Qc7 21. Ng4 Rad8 22. Qe2 c5 23. d5 exd5 24. Nf6+ gxf6 25. Qg4+ Kh7 26. Qf5+ Kg8 27. Qg4+ 1/2-1/2

[Event "Hessenliga 0708"]
[Site "Germany"]
[Date "2007.12.16"]
[Round "4.6"]
[White "Klingelhoefer, Stefan"]
[Black "Kreiling, Carsten"]
[Result "1/2-1/2"]
[WhiteElo "2248"]
[BlackElo "2139"]
[PlyCount "88"]
[EventDate "2007.09.30"]
[EventType "team"]
[EventRounds "9"]
[EventCountry "GER"]
[SourceTitle "EXT 2009"]
[Source "ChessBase"]
[SourceDate "2008.11.26"]
[SourceVersion "1"]
[SourceVersionDate "2008.11.26"]
[SourceQuality "1"]
[WhiteTeam "Giessen"]
[BlackTeam "Eppstein"]
[WhiteTeamCountry "GER"]
[BlackTeamCountry "GER"]

1. d4 Nf6 2. Nf3 e6 3. c4 d5 4. g3 Be7 5. Bg2 0-0 6. 0-0 dxc4 7. Qc2 a6 8. Qxc4 b5 9. Qc2 Bb7 10. Bd2 Be4 11. Qb3 c5 12. dxc5 Nbd7 13. Rc1 Rc8 14. Be3 Nxc5 15. Bxc5 Bxc5 16. Nc3 Bb7 17. e3 Qb6 18. Ne1 Bxg2 19. Nxg2 Rfd8 20. Rd1 Rxd1+ 21. Rxd1 Rd8 22. Nf4 Rxd1+ 23. Qxd1 Qd6 24. Qf3 h6 25. Qa8+ Kh7 26. Ne4 Nxe4 27. Qxe4+ g6 28. Nd3 Kg7 29. Kf1 h5 30. Ke2 Qc7 31. Kd2 Be7 32. Qe5+ Qxe5 33. Nxe5 Bd6 34. Nd3 Kf6 35. e4 e5 36. f4 Ke6 37. b3 exf4 38. gxf4 f5 39. Ke3 fxe4 40. Kxe4 a5 41. h3 Bb4 42. Ne5 Kf6 43. Nd7+ Ke6 44. Ne5 Kf6 1/2-1/2

[Event "Hessenliga 0405"]
[Site "Germany"]
[Date "2005.01.23"]
[Round "5.3"]
[White "Rasch, Holger"]
[Black "Klingelhoefer, Stefan"]
[Result "1-0"]
[WhiteElo "2246"]
[BlackElo "2275"]
[PlyCount "51"]
[EventDate "2004.09.26"]
[EventType "team"]
[EventRounds "9"]
[EventCountry "GER"]
[SourceTitle "EXT 2006"]
[Source "ChessBase"]
[SourceDate "2005.11.24"]
[SourceVersion "1"]
[SourceVersionDate "2005.11.24"]
[SourceQuality "1"]
[WhiteTeam "Steinbach"]
[BlackTeam "Giessen"]
[WhiteTeamCountry "GER"]
[BlackTeamCountry "GER"]

1. e4 e6 2. d4 d5 3. e5 c5 4. c3 Qb6 5. Nf3 Bd7 6. a3 cxd4 7. cxd4 Bb5 8. Bxb5+ Qxb5 9. b4 Nd7 10. Nc3 Qa6 11. Bd2 Ne7 12. a4 Qb6 13. 0-0 Nc6 14. a5 Qd8 15. b5 Nxa5 16. Nxd5 Nc4 17. Bg5 Qb8 18. Nc3 Bb4 19. Ne4 Ncb6 20. Rb1 Nd5 21. Rxb4 Nxb4 22. Nd6+ Kf8 23. Bd2 Nd5 24. Ng5 f6 25. Qh5 g6 26. Qh6+ 1-0

[Event "Hessenliga 0405"]
[Site "Germany"]
[Date "2004.09.26"]
[Round "1.2"]
[White "Klingelhoefer, Stefan"]
[Black "Taeger, Torsten"]
[Result "1-0"]
[WhiteElo "2275"]
[BlackElo "2136"]
[PlyCount "73"]
[EventDate "2004.09.26"]
[EventType "team"]
[EventRounds "9"]
[EventCountry "GER"]
[SourceTitle "EXT 2006"]
[Source "ChessBase"]
[SourceDate "2005.11.24"]
[SourceVersion "1"]
[SourceVersionDate "2005.11.24"]
[SourceQuality "1"]
[WhiteTeam "Giessen"]
[BlackTeam "Limburg"]
[WhiteTeamCountry "GER"]
[BlackTeamCountry "GER"]

1. Nf3 g6 2. d4 Bg7 3. c3 d6 4. Bg5 c6 5. e4 Nf6 6. Nbd2 Qc7 7. Bd3 a5 8. 0-0 0-0 9. Re1 e5 10. h3 Nbd7 11. Bh4 Re8 12. Bg3 b6 13. Bh2 Nh5 14. Nc4 Ba6 15. Bf1 b5 16. Ncd2 Nb6 17. Qc2 c5 18. d5 b4 19. Bxa6 Rxa6 20. a3 bxc3 21. bxc3 c4 22. Reb1 Nf6 23. Rb5 Nfd7 24. Rab1 Rea8 25. Bg3 Bh6 26. Bh4 R8a7 27. Bg5 Bxg5 28. Nxg5 Nc5 29. Ngf3 a4 30. R1b4 Nd3 31. Rb1 Nc5 32. R1b4 Nd3 33. Rxb6 Rxb6 34. Rxb6 Qxb6 35. Nxc4 Qc5 36. Qxd3 Rc7 37. Nfd2 1-0